Ciudades más grandes que hablan inglés - Estadísticas

Estadísticas generales
  • Esta prueba ha sido intentada 62 veces
  • La puntuación promedio es 20 de 33
Estadísticas de respuestas
Población Ciudad % Correcto
14,8 m Londres
98%
21,8 m Nueva York
98%
17,6 m Los Ángeles
96%
6,35 m Miami
92%
7,75 m San Francisco
85%
8,55 m Washington D. C. | Baltimore
85%
9,65 m Chicago
83%
3,08 m Mánchester
83%
7,70 m Boston
79%
5,40 m Sídney
75%
7,30 m Dallas
74%
6,80 m Houston
72%
4,48 m Seattle
72%
7,65 m Toronto
72%
3,33 m San Diego
66%
3,15 m Birmingham
64%
3,80 m Denver
64%
7,35 m Filadelfia
60%
2,90 m Vancouver
60%
5,90 m Atlanta
57%
4,30 m Ciudad del Cabo
57%
5,75 m Detroit
57%
5,05 m Melbourne
57%
14,2 m Johannesburgo
55%
4,80 m Phoenix
53%
3,50 m Orlando
51%
3,23 m Brisbane
36%
3,05 m Cleveland
30%
7,90 m Singapur
28%
4,48 m Tampa
28%
3,48 m Durban
26%
3,20 m Mineápolis
17%
2,80 m Cincinnati
9%
No se encontraron pruebas coincidentes
Distribución de puntuación
Porcentaje de gente con cada puntuación
Porcentaje por número respondido
Historial de tus puntuaciones
No has intentado esta prueba.